Statistics for Muse lyrics - Thoughts of a dying atheist

Click here to take the quiz!

General Stats

  • This quiz has been taken 11 times
  • The average score is 136 of 170

Answer Stats

Answer% Correct
a
100%
can
100%
I
100%
is
100%
it
100%
see
100%
the
100%
you
100%
all
89%
and
89%
hell
89%
me
89%
of
89%
end
78%
in
78%
our
78%
out
78%
scares
78%
this
78%
where
78%
your
78%
are
67%
do
67%
know
67%
let
67%
my
67%
nothing
67%
to
67%
we
67%
won't
67%
yeah
67%
you're
67%
beneath
56%
cause
56%
collide
56%
die
56%
eye
56%
heard
56%
I'm
56%
memories
56%
near
56%
pillow
56%
room
56%
sigh
56%
there's
56%
trapped
56%
whispers
56%
worlds
56%
afraid
44%
between
44%
eerie
44%
faithless
33%
look
33%
moment's
33%
sure
33%
through
33%
whoa
33%
floating
22%

Score Distribution

Percentile by Number Answered

Percent of People with Each Score

Your Score History

You have not taken this quiz